Loading...
| Social Science | 0 | 5 | 0 | 0 | 50 | 93 | 125.80 | 0 | 1 | 3.25 | 15.45 |
| Fine Arts - Classical Music and Opera | 0 | 4 | 0 | 0 | 40 | 145 | 151.00 | 0 | 0 | 0.24 | 9.16 |
| Literature - British | 0 | 4 | 0 | 1 | 40 | 89 | 129.00 | 0 | 0 | 4.36 | 10.66 |
| History - World | 0 | 3 | 0 | 1 | 30 | 127 | 131.00 | 0 | 1 | 0.69 | 11.16 |
| Geography | 0 | 2 | 0 | 0 | 20 | 125 | 131.50 | 0 | 2 | 5.45 | 42.50 |
| Literature - World | 0 | 2 | 0 | 0 | 20 | 113 | 130.50 | 0 | 1 | 3.32 | 7.20 |
| Literature - European | 0 | 2 | 0 | 0 | 20 | 145 | 145.50 | 0 | 0 | 1.79 | 6.55 |
| History - American | 0 | 2 | 0 | 1 | 20 | 136 | 140.50 | 0 | 1 | 0.63 | 5.96 |
| Religion | 0 | 2 | 0 | 1 | 20 | 94 | 114.00 | 0 | 1 | 2.80 | 8.21 |
| Literature - American | 0 | 2 | 1 | 0 | 15 | 108 | 127.00 | 0 | 1 | 3.63 | 9.74 |
| Fine Arts - Other Arts | 0 | 2 | 1 | 0 | 15 | 140 | 141.50 | 0 | 0 | 0.69 | 2.56 |
| Fine Arts - Painting and Sculpture | 0 | 1 | 0 | 0 | 10 | 155 | 155.00 | 0 | 0 | 0.05 | 1.03 |
| History - European | 0 | 1 | 0 | 0 | 10 | 118 | 118.00 | 0 | 0 | 1.34 | 2.56 |
| Modern World | 0 | 1 | 0 | 0 | 10 | 132 | 132.00 | 0 | 0 | 1.49 | 3.57 |
| Other Academic | 0 | 1 | 0 | 0 | 10 | 124 | 124.00 | 0 | 0 | 2.15 | 3.81 |
| Other Science (Earth Science) | 0 | 1 | 0 | 0 | 10 | 111 | 111.00 | 0 | 0 | 10.07 | 23.33 |
| Science - Chemistry | 0 | 1 | 0 | 0 | 10 | 134 | 134.00 | 0 | 0 | 0.06 | 1.03 |
| Science - Physics | 0 | 1 | 0 | 0 | 10 | 115 | 115.00 | 0 | 0 | 1.29 | 4.24 |
| Other Culture | 0 | 0 | 1 | 0 | -5 | 0.00 | 0 | 0 | 0.00 | 0.00 |